[Event "Spiltan & Pelaro IM 2006"]
[Site "?"]
[Date "2006.06.16"]
[Round "7"]
[White "Ask, Josef"]
[Black "Moberg, Karl Johan"]
[Result "1/2-1/2"]
[WhiteElo "2260"]
[BlackElo "2336"]
[PlyCount "35"]

1. e4 e5 2. d4 exd4 3. Qxd4 Nc6 4. Qe3 Bb4+ 5. Nc3 Nf6 6. Bd2 O-O 7. O-O-O Re8
8. Qg3 Rxe4 9. a3 Bxc3 10. Bxc3 d6 11. f4 g6 12. Be2 Bf5 13. Bf3 Rc4 14. Ne2
Ne4 15. Bxe4 Rxe4 16. Qf3 Qh4 17. h3 Rae8 18. Rhe1 1/2-1/2

[Event "Spiltan & Pelaro IM 2006"]
[Site "?"]
[Date "2006.06.16"]
[Round "7"]
[White "Westerinen, Heikki"]
[Black "Nithander, Victor"]
[Result "0-1"]
[WhiteElo "2386"]
[BlackElo "2301"]
[PlyCount "72"]

1. e4 g6 2. d4 Bg7 3. Nc3 d6 4. f4 a6 5. Nf3 b5 6. Bd3 Nd7 7. e5 c5 8. Be4 Rb8
9. O-O cxd4 10. Nxd4 dxe5 11. Nc6 Qb6+ 12. Kh1 b4 13. Nxb8 Qxb8 14. Nd5 e6 15.
Ne3 Ngf6 16. Bc6 O-O 17. Nc4 e4 18. Qd6 Rd8 19. Be3 Qxd6 20. Nxd6 Nb8 21. Nxc8
Nxc6 22. Na7 Nxa7 23. Bxa7 Nd5 24. Rab1 Ra8 25. Bg1 Rc8 26. Rf2 f5 27. g3 a5
28. Rd2 a4 29. a3 e3 30. Rd3 Rxc2 31. Bxe3 Bxb2 32. Bc5 b3 33. Bd6 Bf6 34. Be5
Bxe5 35. fxe5 b2 36. Rdd1 Nc3 0-1

[Event "Spiltan & Pelaro IM 2006"]
[Site "?"]
[Date "2006.06.16"]
[Round "7"]
[White "Sagit, Rauan"]
[Black "Syskov, Vjatjeslav"]
[Result "0-1"]
[WhiteElo "2265"]
[BlackElo "2240"]
[PlyCount "89"]

1. e4 c5 2. Nf3 e6 3. d4 cxd4 4. Nxd4 Nc6 5. Nc3 Qc7 6. Be3 Nf6 7. Qd2 a6 8. f3
Ne5 9. Nb3 b5 10. Qd4 Rb8 11. Qa7 Bb7 12. O-O-O Be7 13. Qb6 Qc8 14. Qd4 d6 15.
Na5 O-O 16. a3 Nc6 17. Nxc6 Bxc6 18. Bg5 Qb7 19. Na2 a5 20. Bd2 b4 21. axb4
Rfc8 22. Bc3 Ba4 23. Rd2 Ne8 24. Kb1 axb4 25. Nxb4 Ra8 26. Bc4 Bf6 27. Qd3 Bxc3
28. bxc3 Qc7 29. Ba6 Rcb8 30. Kc1 Qa5 31. Bc4 Bb5 32. Rdd1 Bxc4 33. Qxc4 Rc8
34. Qd3 Qg5+ 35. Kb2 Qxg2 36. h4 Qf2 37. h5 h6 38. Rhf1 Qc5 39. Rh1 Rab8 40.
Kb3 Rc7 41. Qd4 e5 42. Qd2 d5 43. exd5 Nd6 44. Rh4 Ra8 45. c4 0-1

[Event "Spiltan & Pelaro IM 2006"]
[Site "?"]
[Date "2006.06.17"]
[Round "8"]
[White "Syskov, Vjatjeslav"]
[Black "Svensson, Bengt"]
[Result "0-1"]
[WhiteElo "2240"]
[BlackElo "2388"]
[PlyCount "76"]

1. e4 c5 2. Nf3 d6 3. d4 cxd4 4. Nxd4 Nf6 5. Nc3 a6 6. f3 e6 7. Be3 b5 8. Qd2
Nbd7 9. g4 h6 10. h4 Bb7 11. O-O-O b4 12. Nce2 d5 13. Bh3 dxe4 14. g5 hxg5 15.
hxg5 exf3 16. Ng3 Ne4 17. Nxe4 Bxe4 18. Bxe6 Rxh1 19. Rxh1 fxe6 20. Nxe6 Qc8
21. Re1 Qc4 22. Nxf8 Kxf8 23. Bd4 Bxc2 24. b3 Bxb3+ 25. Kb2 Bxa2 26. Bxg7+ Kxg7
27. Qxd7+ Kg8 28. g6 Qb3+ 29. Ka1 Qc3+ 30. Kxa2 b3+ 31. Ka3 Qa5+ 32. Kxb3 Rb8+
33. Kc2 Qc5+ 34. Kd3 Rb3+ 35. Ke4 Qc4+ 36. Kf5 Rb5+ 37. Re5 Rxe5+ 38. Kxe5 Qb5+
0-1

[Event "Spiltan & Pelaro IM 2006"]
[Site "?"]
[Date "2006.06.17"]
[Round "8"]
[White "Nithander, Victor"]
[Black "Kasparov, Sergej"]
[Result "1/2-1/2"]
[WhiteElo "2301"]
[BlackElo "2481"]
[PlyCount "85"]

1. e4 c6 2. d4 d5 3. Nd2 dxe4 4. Nxe4 Bf5 5. Ng3 Bg6 6. h4 h6 7. Nf3 Nd7 8. h5
Bh7 9. Bd3 Bxd3 10. Qxd3 e6 11. Bf4 Bb4+ 12. c3 Be7 13. O-O-O Ngf6 14. Ne4 O-O
15. Kb1 c5 16. dxc5 Nxe4 17. Qxe4 Nxc5 18. Qe3 Qb6 19. Ne5 Rad8 20. Qf3 Na4 21.
Bc1 Rxd1 22. Rxd1 Qb5 23. Re1 Bf6 24. Qd3 Qxd3+ 25. Nxd3 Rc8 26. Be3 b6 27. f3
Kf8 28. g4 Be7 29. Rd1 Bd6 30. Kc2 Ke7 31. Bd4 f6 32. Kd2 e5 33. Be3 Bc5 34.
Bxc5+ Nxc5 35. Nxc5 Rxc5 36. Ke3 Rc8 37. Ke4 Ke6 38. Rd3 Rc4+ 39. Ke3 Rc8 40.
a3 b5 41. Rd1 a5 42. Rd2 a4 43. Rd1 1/2-1/2

[Event "Spiltan & Pelaro IM 2006"]
[Site "?"]
[Date "2006.06.17"]
[Round "8"]
[White "Sagit, Rauan"]
[Black "Westerinen, Heikki"]
[Result "0-1"]
[WhiteElo "2265"]
[BlackElo "2386"]
[PlyCount "118"]

1. e4 e6 2. d4 d5 3. Nd2 Be7 4. Ngf3 Nf6 5. e5 Nfd7 6. Bd3 c5 7. c3 Nc6 8. O-O
Qb6 9. dxc5 Qc7 10. Nb3 Ncxe5 11. Nxe5 Qxe5 12. Re1 Qc7 13. Qg4 O-O 14. Qh3 g6
15. Bh6 Rd8 16. Rad1 Nxc5 17. Nxc5 Bxc5 18. Qh4 Be7 19. Bg5 Bxg5 20. Qxg5 Kg7
21. Bc2 f6 22. Qe3 Qb6 23. Qxb6 axb6 24. Bb3 b5 25. f4 Rd6 26. Kf2 b6 27. Ke3
Bb7 28. Kd4 Kf7 29. Rd3 Re8 30. Rh3 Kg7 31. g4 h6 32. Rd3 g5 33. Ke3 gxf4+ 34.
Kxf4 e5+ 35. Ke3 d4+ 36. cxd4 exd4+ 37. Kd2 Rxe1 38. Kxe1 Be4 39. Rg3 Kg6 40.
Kd2 Kg5 41. Bd1 d3 42. Rh3 Bg6 43. Re3 b4 44. Re7 Rd4 45. Ke3 Rd5 46. Rg7 f5
47. gxf5 Kxf5 48. Kd2 Rd6 49. Rc7 Kf4 50. Rc4+ Be4 51. Rxb4 Rg6 52. h3 Rg2+ 53.
Kc3 Ke3 54. b3 Rg1 55. Bh5 Rc1+ 56. Kb2 d2 57. Rxb6 Bf3 58. Bxf3 Kxf3 59. Rf6+
Ke4 0-1

[Event "Spiltan & Pelaro IM 2006"]
[Site "?"]
[Date "2006.06.17"]
[Round "8"]
[White "Langrock, Hannes"]
[Black "Ask, Josef"]
[Result "1-0"]
[WhiteElo "2413"]
[BlackElo "2260"]
[PlyCount "167"]

1. e4 e5 2. Bc4 Nf6 3. d3 Nc6 4. Nc3 Bb4 5. Nge2 d5 6. exd5 Nxd5 7. O-O Bxc3 8.
Nxc3 Nb6 9. Bb5 O-O 10. Bxc6 bxc6 11. b3 Nd5 12. Bb2 Re8 13. Re1 Qf6 14. Ne4
Qg6 15. Ng3 f6 16. Qh5 Qxh5 17. Nxh5 Bf5 18. Ng3 Bg6 19. Ne4 Kf7 20. Nc5 Rad8
21. a3 Nf4 22. f3 Ne6 23. Nxe6 Rxe6 24. Re3 Red6 25. Rae1 R8d7 26. a4 Kg8 27.
Kf2 Rd5 28. g4 h6 29. h4 Rd8 30. g5 hxg5 31. hxg5 e4 32. gxf6 exd3 33. cxd3
Rxd3 34. Re7 Rd2+ 35. Kg3 gxf6 36. Bxf6 R8d7 37. Kf4 R2d5 38. Kg3 Rd3 39. Rxd7
Rxd7 40. Be5 Bc2 41. b4 Bxa4 42. Ra1 Bb3 43. f4 Bc2 44. Rxa7 Kf7 45. Kg4 Bb3
46. Kg5 Re7 47. Bf6 Rd7 48. f5 Bc4 49. Be5 Re7 50. Kf4 Rd7 51. Ra8 Re7 52. Rh8
Rd7 53. Bxc7 Kg7 54. Be5+ Kf7 55. Rh6 Bd5 56. Bd6 Kg7 57. Rg6+ Kh7 58. Ke5 Rb7
59. Rg4 Bb3 60. Rg3 Ba2 61. Rc3 Bd5 62. Rc5 Bg2 63. Rc2 Bd5 64. f6 Kg6 65. Rc3
Kh7 66. Rh3+ Kg6 67. Rg3+ Kh7 68. Be7 Rd7 69. Rd3 Rb7 70. Rxd5 cxd5 71. Kxd5
Kg6 72. Kc5 Rc7+ 73. Kb6 Rc1 74. b5 Kf7 75. Kb7 Ke8 76. b6 Kd7 77. Kb8 Rc8+ 78.
Ka7 Rc2 79. b7 Ra2+ 80. Kb8 Rb2 81. Ba3 Rf2 82. f7 Rxf7 83. Ka8 Rf3 84. Bb4 1-0

[Event "Spiltan & Pelaro IM 2006"]
[Site "?"]
[Date "2006.06.17"]
[Round "8"]
[White "Moberg, Karl Johan"]
[Black "Åkesson, Joel"]
[Result "1/2-1/2"]
[WhiteElo "2336"]
[BlackElo "2302"]
[PlyCount "132"]

1. d4 d5 2. c4 dxc4 3. Nf3 Nf6 4. e3 Bg4 5. Bxc4 e6 6. Qb3 Bxf3 7. gxf3 c5 8.
dxc5 Bxc5 9. Nc3 O-O 10. Bd2 Nc6 11. Rd1 Rc8 12. Be2 Qe7 13. O-O Rfd8 14. Kh1
Ne5 15. Rg1 Ng6 16. Qa4 Nd5 17. Nxd5 exd5 18. Qg4 d4 19. f4 dxe3 20. fxe3 f5
21. Qxf5 Bxe3 22. Bxe3 Qxe3 23. Bc4+ Kh8 24. Rd3 Qxf4 25. Qxf4 Nxf4 26. Rxd8+
Rxd8 27. Re1 g6 28. Kg1 Rd7 29. Kf2 Kg7 30. Kf3 Nh5 31. a4 Kf8 32. Re6 Re7 33.
Rd6 Kg7 34. Rd8 Nf6 35. Rb8 Ne4 36. Bd5 Nc5 37. Bc4 Nd7 38. Rc8 g5 39. Kg4 h6
40. Rg8+ Kh7 41. Rc8 Ne5+ 42. Kf5 Nxc4 43. Rxc4 Rf7+ 44. Kg4 Kg6 45. b4 h5+ 46.
Kg3 Re7 47. Kf3 b6 48. a5 bxa5 49. bxa5 Kf5 50. h3 Re5 51. a6 Ra5 52. Rc6 Ra1
53. Kg3 Ra4 54. Kf3 g4+ 55. hxg4+ hxg4+ 56. Kg3 Ra3+ 57. Kg2 Ke4 58. Rg6 Kf4
59. Rf6+ Ke5 60. Rg6 Kd5 61. Rg5+ Ke4 62. Rxg4+ Kf5 63. Rg7 Rxa6 64. Kf3 Ra3+
65. Ke2 Ke4 66. Kd2 a5 1/2-1/2

[Event "Spiltan & Pelaro IM 2006"]
[Site "?"]
[Date "2006.06.18"]
[Round "9"]
[White "Ask, Josef"]
[Black "Nithander, Victor"]
[Result "1/2-1/2"]
[WhiteElo "2260"]
[BlackElo "2301"]
[PlyCount "41"]

1. d4 Nf6 2. c4 g6 3. g3 Bg7 4. Bg2 O-O 5. Nc3 d6 6. Nf3 Nbd7 7. O-O e5 8. e4
a6 9. d5 Nc5 10. Ne1 a5 11. b3 Nfd7 12. Rb1 f5 13. f3 Nf6 14. a3 f4 15. b4 Na6
16. Nd3 fxg3 17. hxg3 Nh5 18. Kh2 axb4 19. axb4 b6 20. Be3 Qe7 21. Qd2 1/2-1/2

[Event "Spiltan & Pelaro IM 2006"]
[Site "?"]
[Date "2006.06.18"]
[Round "9"]
[White "Westerinen, Heikki"]
[Black "Syskov, Vjateslav"]
[Result "1/2-1/2"]
[WhiteElo "2386"]
[BlackElo "2240"]
[PlyCount "66"]

1. e4 c5 2. Nf3 e6 3. Nc3 a6 4. g3 Nc6 5. Bg2 Qc7 6. O-O Nf6 7. d4 cxd4 8. Nxd4
Bc5 9. Nxc6 dxc6 10. Qe2 e5 11. Be3 Bxe3 12. Qxe3 O-O 13. a4 a5 14. h3 Be6 15.
f4 Rad8 16. Rad1 Bc4 17. Rfe1 Ba6 18. Kh2 h6 19. fxe5 Rxd1 20. Rxd1 Qxe5 21.
Qf4 Re8 22. Rd8 Qe7 23. Rxe8+ Nxe8 24. e5 f6 25. exf6 Nxf6 26. Ne4 Nxe4 27.
Bxe4 Bc4 28. Qf5 Qe6 29. Qf4 Qe7 30. h4 Bd5 31. Bxd5+ cxd5 32. Qf5 Qe2+ 33. Kh3
Qd1 1/2-1/2

[Event "Spiltan & Pelaro IM 2006"]
[Site "?"]
[Date "2006.06.18"]
[Round "9"]
[White "Svensson, Bengt"]
[Black "Moberg, Karl Johan"]
[Result "1/2-1/2"]
[WhiteElo "2388"]
[BlackElo "2336"]
[PlyCount "65"]

1. Nf3 Nf6 2. c4 g6 3. Nc3 d5 4. cxd5 Nxd5 5. Qa4+ Bd7 6. Qh4 Nxc3 7. Qd4 f6 8.
Qxc3 Nc6 9. b4 a6 10. e3 e5 11. a3 Bd6 12. Qc2 Qe7 13. Bb2 e4 14. Nd4 Nxd4 15.
Bxd4 Bc6 16. Bc4 Be5 17. Bxe5 Qxe5 18. O-O Kf8 19. a4 Kg7 20. Rab1 Rhd8 21. b5
axb5 22. Bxb5 Bd5 23. Rfc1 c6 24. Bf1 Rd7 25. Rb4 Re8 26. Rcb1 Ree7 27. g3 f5
28. Qc5 Rf7 29. Qa7 Qe7 30. Qd4+ Qf6 31. Qa7 Qe7 32. Qd4+ Qf6 33. Qa7 1/2-1/2

[Event "Spiltan & Pelaro IM 2006"]
[Site "?"]
[Date "2006.06.18"]
[Round "9"]
[White "Kasparov, Sergej"]
[Black "Sagit, Rauan"]
[Result "1-0"]
[WhiteElo "2481"]
[BlackElo "2265"]
[PlyCount "102"]

1. e4 c5 2. Nf3 Nf6 3. d3 d5 4. Nbd2 Nc6 5. c3 e5 6. g3 Be7 7. Bg2 dxe4 8. dxe4
Qd3 9. Bf1 Qd6 10. Qc2 O-O 11. Nc4 Qb8 12. a4 h6 13. Bg2 b6 14. O-O Ba6 15.
Nfd2 Rd8 16. Re1 Qc8 17. Bf1 Bb7 18. Qb3 Rb8 19. a5 b5 20. Qxb5 Nd4 21. cxd4
Bc6 22. Qxb8 Qxb8 23. d5 Nxd5 24. exd5 Bxd5 25. Nxe5 Bf6 26. Ndc4 Ba8 27. Bg2
Bxg2 28. Kxg2 Qb4 29. Be3 Rd5 30. f4 Bxe5 31. Nxe5 Qxb2+ 32. Kg1 Qc3 33. Bf2 f6
34. Rac1 Qa3 35. Ng6 Kh7 36. Nf8+ Kg8 37. Ne6 Qxa5 38. Rxc5 Rxc5 39. Nxc5 Qb4
40. Kg2 a5 41. Re4 Qd2 42. Rd4 Qc2 43. Ra4 Qd2 44. g4 h5 45. gxh5 Kh7 46. h3 f5
47. Rd4 Qe2 48. Kg3 Qxh5 49. Ne6 Qe8 50. Rd6 g6 51. Bd4 Qb5 1-0